[Event "Regionalliga Sued-West 1819"]
[Site "Bayern"]
[Date "2019.04.07"]
[Round "9.5"]
[White "Ritzka, Simon"]
[Black "Winterkamp, Stefan"]
[Result "1-0"]
[WhiteElo "2011"]
[BlackElo "1877"]
[PlyCount "81"]
[EventDate "2018.10.21"]
[EventType "team-tourn"]
[EventRounds "9"]
[EventCountry "GER"]
[SourceTitle "EXT 2022"]
[Source "ChessBase"]
[SourceDate "2021.10.06"]
[SourceVersion "1"]
[SourceVersionDate "2021.10.06"]
[SourceQuality "1"]
[WhiteTeam "Altstadt Roter Turm"]
[BlackTeam "Klosterlechfeld"]
[WhiteTeamCountry "GER"]
[BlackTeamCountry "GER"]

1. e4 c6 2. d4 d5 3. exd5 cxd5 4. Bd3 Nc6 5. c3 Nf6 6. Bf4 Bg4 7. Qb3 Qd7 8. Nd2 a6 9. Ngf3 e6 10. 0-0 Be7 11. Rfe1 0-0 12. h3 Bh5 13. Rac1 b5 14. a3 Bg6 15. Qc2 Qb7 16. b4 Rfc8 17. Bxg6 hxg6 18. Nb3 Ne4 19. Nc5 Nxc5 20. bxc5 Bd8 21. Rb1 Bc7 22. Bxc7 Qxc7 23. a4 Rcb8 24. axb5 axb5 25. Ra1 Ra5 26. Reb1 Rba8 27. Rxa5 Rxa5 28. Qe2 Qb7 29. Ng5 Nd8 30. Qg4 Ra3 31. Re1 Rxc3 32. Qh4 Qc6 33. Qh7+ Kf8 34. Qh8+ Ke7 35. Qxg7 Qe8 36. Ra1 Qd7 37. Nh7 Qc7 38. Qf8+ Kd7 39. Nf6+ Kc6 40. Qe8+ Kb7 41. Qxb5+ 1-0

[Event "Regionalliga Sued-West 1819"]
[Site "Bayern"]
[Date "2018.12.16"]
[Round "4.6"]
[White "Weinberger, Wolfgang"]
[Black "Winterkamp, Stefan"]
[Result "1-0"]
[WhiteElo "1955"]
[BlackElo "1877"]
[PlyCount "59"]
[EventDate "2018.10.21"]
[EventType "team-tourn"]
[EventRounds "9"]
[EventCountry "GER"]
[SourceTitle "EXT 2022"]
[Source "ChessBase"]
[SourceDate "2021.10.06"]
[SourceVersion "1"]
[SourceVersionDate "2021.10.06"]
[SourceQuality "1"]
[WhiteTeam "Garching III"]
[BlackTeam "Klosterlechfeld"]
[WhiteTeamCountry "GER"]
[BlackTeamCountry "GER"]

1. Nf3 d5 2. g3 Bf5 3. Bg2 c6 4. d3 Nf6 5. Nbd2 Nbd7 6. 0-0 e5 7. Qe1 Bd6 8. e4 Be6 9. Ng5 Qe7 10. Nxe6 Qxe6 11. Qe2 0-0 12. Nf3 h6 13. Nh4 Rfe8 14. Nf5 Bf8 15. Bh3 Kh7 16. Kg2 dxe4 17. dxe4 g6 18. Ng7 Qe7 19. Nxe8 Rxe8 20. Bd2 Qc5 21. Bc3 Nb6 22. Rad1 Na4 23. Rd3 Qc4 24. Re1 Qxa2 25. Rdd1 Nxc3 26. bxc3 Bc5 27. Ra1 Qb2 28. Qc4 Kg7 29. Qxc5 Nxe4 30. Qb4 1-0

[Event "Regionalliga SW 0809"]
[Site "Bayern"]
[Date "2009.01.18"]
[Round "5.6"]
[White "Erler, Mark"]
[Black "Winterkamp, Stefan"]
[Result "1-0"]
[WhiteElo "2018"]
[BlackElo "1978"]
[PlyCount "41"]
[EventDate "2008.10.05"]
[EventType "team-tourn"]
[EventRounds "9"]
[EventCountry "GER"]
[SourceTitle "EXT 2020"]
[Source "ChessBase"]
[SourceDate "2019.10.17"]
[SourceVersion "1"]
[SourceVersionDate "2019.10.17"]
[SourceQuality "1"]
[WhiteTeam "Tuerkheim"]
[BlackTeam "Klosterlechfeld"]
[WhiteTeamCountry "GER"]
[BlackTeamCountry "GER"]

1. d4 Nf6 2. c4 e6 3. g3 d5 4. Bg2 Bb4+ 5. Bd2 Bxd2+ 6. Nxd2 0-0 7. Ngf3 b6 8. 0-0 dxc4 9. Ne5 Nd5 10. Ndxc4 Bb7 11. Qb3 Nd7 12. Rfd1 Nxe5 13. Nxe5 f6 14. Nd3 f5 15. e3 Rb8 16. Rac1 Qd6 17. Rd2 Rfc8 18. Rdc2 Ba6 19. Rc6 Qxc6 20. Rxc6 Bxd3 21. Bxd5 1-0

[Event "Regionalliga SW 0607"]
[Site "Bayern"]
[Date "2007.02.04"]
[Round "5.8"]
[White "Winterkamp, Stefan"]
[Black "Gruenke, Paul"]
[Result "0-1"]
[WhiteElo "1958"]
[BlackElo "2019"]
[PlyCount "78"]
[EventDate "2006.10.15"]
[EventType "team-tourn"]
[EventRounds "9"]
[EventCountry "GER"]
[SourceTitle "EXT 2008"]
[Source "ChessBase"]
[SourceDate "2007.11.25"]
[SourceVersion "1"]
[SourceVersionDate "2007.11.25"]
[SourceQuality "1"]
[WhiteTeam "Klosterlechfeld"]
[BlackTeam "Muenchen Tarrasch II"]
[WhiteTeamCountry "GER"]
[BlackTeamCountry "GER"]

1. b3 d5 2. Bb2 c5 3. e3 Nc6 4. Bb5 Nf6 5. Bxc6+ bxc6 6. f4 e6 7. Nf3 Ba6 8. d3 Qb6 9. c4 Be7 10. Qe2 0-0 11. 0-0 Nd7 12. Nc3 f6 13. Rac1 Bb7 14. Na4 Qd8 15. Ba3 Rc8 16. Rc2 e5 17. cxd5 cxd5 18. Rfc1 exf4 19. exf4 Re8 20. Qd2 Qc7 21. Nd4 Bd6 22. g3 a6 23. f5 c4 24. Bxd6 Qxd6 25. dxc4 dxc4 26. Nc3 Ne5 27. Kf1 cxb3 28. axb3 Ng4 29. Ne6 Qc6 30. Nd5 Qb5+ 31. Ke1 Rxc2 32. Rxc2 Qxd5 33. Rc7 Qe5+ 34. Qe2 Qxc7 35. Nxc7 Rxe2+ 36. Kxe2 Nxh2 37. Ne6 Bd5 38. Nd4 Ng4 39. b4 Kf7 0-1

[Event "Regionalliga SW 9900"]
[Site "Bayern"]
[Date "2000.??.??"]
[Round "7.7"]
[White "Hutter, Otto"]
[Black "Winterkamp, Stefan"]
[Result "1-0"]
[WhiteElo "1925"]
[BlackElo "1955"]
[PlyCount "89"]
[EventDate "1999.??.??"]
[EventType "team-tourn"]
[EventRounds "9"]
[EventCountry "GER"]
[SourceTitle "EXT 2020"]
[Source "ChessBase"]
[SourceDate "2019.10.17"]
[SourceVersion "1"]
[SourceVersionDate "2019.10.17"]
[SourceQuality "1"]
[WhiteTeam "Augsburg SG 1873"]
[BlackTeam "Klosterlechfeld"]
[WhiteTeamCountry "GER"]
[BlackTeamCountry "GER"]

1. Nf3 b6 2. b3 Bb7 3. Bb2 e6 4. e3 Nf6 5. Be2 d5 6. Ne5 Bd6 7. f4 0-0 8. 0-0 c5 9. d3 Qc7 10. Nd2 Nfd7 11. Nxd7 Nxd7 12. Qe1 e5 13. Qg3 f6 14. Bg4 Rae8 15. Qh3 Re7 16. Be6+ Kh8 17. Bxd7 Rxd7 18. fxe5 fxe5 19. Bxe5 Re8 20. Nf3 Kg8 21. Bxd6 Qxd6 22. Nh4 Bc8 23. Rae1 g6 24. Nf3 Rde7 25. Qh6 Qf6 26. Rf2 Qc3 27. Qg5 Bb7 28. h4 Qg7 29. Qg3 Bc6 30. Ng5 h6 31. Nh3 Kh7 32. Rf3 c4 33. d4 cxb3 34. cxb3 Bb7 35. Nf4 Rc8 36. Re2 Qg8 37. Ref2 Rc1+ 38. Kh2 Rec7 39. Nd3 R1c2 40. Rxc2 Rxc2 41. Ne5 Rc7 42. Rf6 Rg7 43. Qf4 Qe8 44. Nf7 Ba6 45. Qxh6+ 1-0

[Event "Augsburg Afro op"]
[Site "Augsburg"]
[Date "1997.??.??"]
[Round "7"]
[White "Gaehler, Friedhart"]
[Black "Winterkamp, Stefan"]
[Result "0-1"]
[WhiteElo "1670"]
[BlackElo "1905"]
[PlyCount "108"]
[EventDate "1997.??.??"]
[EventType "swiss"]
[EventRounds "7"]
[EventCountry "GER"]
[SourceTitle "EXT 2006"]
[Source "ChessBase"]
[SourceDate "2005.11.24"]
[SourceVersion "1"]
[SourceVersionDate "2005.11.24"]
[SourceQuality "1"]

1. d4 Nf6 2. c4 e6 3. Nc3 b6 4. Nf3 Bb7 5. e3 Bb4 6. a3 Bxc3+ 7. bxc3 Ne4 8. Bb2 d6 9. Be2 Nd7 10. 0-0 f5 11. Nd2 Nxd2 12. Qxd2 Nf6 13. Bd3 g5 14. d5 Ne4 15. Bxe4 fxe4 16. Rad1 exd5 17. cxd5 Qe7 18. c4 Rf8 19. Qc2 0-0-0 20. Bc3 g4 21. a4 Rf5 22. Rd4 Re8 23. a5 Rh5 24. Qe2 Qh4 25. h3 gxh3 26. g3 h2+ 27. Kh1 Qh3 28. Be1 Kd8 29. f3 Rf5 30. f4 Rh5 31. Qg2 bxa5 32. Qxh3 Rxh3 33. Kg2 h1Q+ 34. Rxh1 Rxh1 35. Kxh1 a4 36. Rd1 Ba6 37. Rc1 Ke7 38. c5 Rb8 39. cxd6+ Kxd6 40. Ba5 Kxd5 41. Rxc7 Rb7 42. Rc1 Bc4 43. Bc3 a3 44. g4 a2 45. Kh2 Rb1 46. Rg1 Rxg1 47. Kxg1 Be2 48. g5 Bg4 49. Kf2 Kc4 50. Bd4 Kd3 51. Ke1 Kc2 52. Be5 a5 53. Kf2 a4 54. Kg3 Bf5 0-1